| 000 | 00415nam a2200169Ia 4500 | ||
|---|---|---|---|
| 008 | 230524s9999 xx 000 0 und d | ||
| 020 | _a9788184889390 | ||
| 082 |
_a330.14 _bASW |
||
| 100 | _aK..Aswathappa | ||
| 245 | 0 | _aOrganisational Behaviour | |
| 250 | _a6TH | ||
| 260 |
_aMUMBAI _bHimalayan _c2005 |
||
| 300 | _a676 | ||
| 500 | _aQuantity Number: 222 | ||
| 650 | _aOrganisational Behaviour | ||
| 942 | _cBK | ||
| 999 |
_c27088 _d27088 |
||